Statistics for Top 10 Most Super Bowl Wins

Click here to take the quiz!

General Stats

  • This quiz has been taken 259 times
  • The average score is 10 of 11

Answer Stats

#WinsAnswer% Correct
=3New England Patriots
98%
16Pittssburgh Steelers
98%
44Green Bay Packers
96%
=5Dallas Cowboys
95%
25San Francisco 49ers
94%
=2Denver Broncos
86%
=4New York Giants
84%
63Oakland Raiders
80%
=3Washington Redskins
78%
92Miami Dolphins
77%
=2Indianapolis Colts
75%

Score Distribution

Percentile by Number Answered

Percent of People with Each Score

Your Score History

You have not taken this quiz